Culture Générale en 10 courtes vidéos #2 - Statistiques

Statistiques générales
  • Ce quiz a été pris 123 fois
  • Le résultat moyen est 4 sur 10
Statistiques - réponses
Vidéo Question Réponse % Correct
Quel est le nom de la chanson d'Orelsan qui correspond à ce clip ? Basique
91%
Quel est le nom de l'émission TV dont est extrait cette vidéo ? Koh Lanta
74%
Dans cet extrait de la trilogie "Le Seigneur des anneaux", complète ce que dit Gandalf : Fuyez, _______ ______ ! pauvres fous
71%
Citez le prénom d'au moins une des 3 personnes présentes derrière Jérôme Cahuzac Najat (Michel et Guillaume de droite à gauche)
42%
De quelle marque est cette publicité ? Fiat
41%
A ce moment précis, comment s'appelle la personne présente sur le plateau avec Stromae ? Anne-Claire Coudray
31%
Du nom d'un physicien français, en animation (avec une trajectoire au sol qui ne correspond pas à une bille lancée sans vitesse initiale) il s'agit du Pendule de _________ Foucault
27%
Dans quel type de commerce se passe cet extrait du film "Le Père Noël est une ordure" ? Pharmacie
23%
Dans quelle ville ce but a-t-il été marqué ? Le Cap
22%
Dans cet extrait du générique de Groland, que répète ce joyeux Monsieur ? : c'est ___ ______ la fête
11%
Aucun quiz correspondant
Distribution des résultats
% des personnes avec chaque résultat
Percentile par nombre de réponses
Votre historique - résultats
Vous n’avez pas pris ce quiz